书目信息 |
| 题名: |
重要无机化学反应
|
|
| 作者: | 陈寿椿 编 | |
| 分册: | ||
| 出版信息: | 上海 上海科学技术出版社 1982 |
|
| 页数: | 1175页 | |
| 开本: | 21cm | |
| 丛书名: | ||
| 单 册: | ||
| 中图分类: | O611.3 | |
| 科图分类: | ||
| 主题词: | 无机化学-化学反应 , 化学反应-无机化学 | |
| 电子资源: | ||
| ISBN: | ||
| 000 | 00706nam0 2200265 45 | |
| 001 | 0182005213 | |
| 005 | 20040924081943.6 | |
| 010 | @b精装@dCNY4.50 | |
| 091 | @a15119.1710 | |
| 100 | @a19950408d1982 em y0chiy0121 ea | |
| 101 | 0 | @achi |
| 102 | @aCN@b310000 | |
| 105 | @ay z 000yy | |
| 106 | @ar | |
| 200 | 10 | @a重要无机化学反应@Azhong yao wu ji hua xue fan ying@f陈寿椿编 |
| 205 | @a2版 | |
| 210 | @a上海@c上海科学技术出版社@d1982 | |
| 215 | @a1175页@d21cm | |
| 606 | @a无机化学-化学反应 | |
| 606 | @a化学反应-无机化学 | |
| 690 | @aO611.3@v3 | |
| 701 | 0 | @a陈寿椿@Achen shou chun@4编 |
| 801 | 0 | @aCN@b上海图书馆@c20040524 |
| 801 | 2 | @aCN@bNLC@c20040524 |
| 905 | @dO611.3@e3=2@f1@b95164 | |
| 重要无机化学反应/陈寿椿编.-2版.-上海:上海科学技术出版社,1982 |
| 1175页;21cm |
| ISBN (精装):CNY4.50 |
| ● |
| 相关链接 |
|
|
|
|
正题名:重要无机化学反应
索取号:O611.3/3=2
 
预约/预借
| 序号 | 登录号 | 条形码 | 馆藏地/架位号 | 状态 | 备注 |
| 1 | 0095164 | 000556222 | 第三借阅区/ [索取号:O611.3/3=2] | 在馆 | |
| 2 | 0095165 | 000349420 | 第三借阅区/ [索取号:O611.3/3=2] | 在馆 | |
| 3 | 0095166 | 000349439 | 第二样本阅览室/ [索取号:O611.3/3=2] | 在馆 | |
| 4 | 0122316 | 000349448 | 第三借阅区/ [索取号:O611.3/3=2] | 在馆 |